Toán học và Tuổi trẻ : Dành cho Trung học phổ thông và Trung học cơ sở /
Αποθηκεύτηκε σε:
| Συγγραφή απο Οργανισμό/Αρχή: | |
|---|---|
| Μορφή: | Επιστημονικό περιοδικό |
| Γλώσσα: | Vietnamese |
| Έκδοση: |
H.:
Hội Toán học Việt Nam,
199...
|
| Θέματα: | |
| Ετικέτες: |
Προσθήκη ετικέτας
Δεν υπάρχουν, Καταχωρήστε ετικέτα πρώτοι!
|
| Thư viện lưu trữ: | Thư viện Trường Đại học Đà Lạt |
|---|
| LEADER | 00643nam a2200229 4500 | ||
|---|---|---|---|
| 001 | DLU040025871 | ||
| 040 | # | # | |a dlu |b vie |
| 041 | # | # | |a vie |
| 245 | # | # | |a Toán học và Tuổi trẻ : |b Dành cho Trung học phổ thông và Trung học cơ sở / |c Hội Toán học Việt Nam |
| 260 | # | # | |a H.: |b Hội Toán học Việt Nam, |c 199... |
| 300 | # | # | |a v.;27cm. |
| 653 | # | # | |a Dạy và học toán |
| 653 | # | # | |a Toán học |
| 710 | # | # | |a Hội Toán học Việt Nam |
| 994 | # | # | |a DLU |
| 900 | # | # | |a True |
| 911 | # | # | |a Lê Thị Mạnh Xuân |
| 925 | # | # | |a G |
| 926 | # | # | |a A |
| 927 | # | # | |a TT |
| 980 | # | # | |a Thư viện Trường Đại học Đà Lạt |